| 000 | 00807nam a2200253 i 4500 | ||
|---|---|---|---|
| 001 | 13492 | ||
| 003 | ES-MaACL | ||
| 005 | 20250727035943.0 | ||
| 007 | t| | ||
| 008 | 980422s1992 sp ||||1| spa d | ||
| 020 | _a84-87098-10-X | ||
| 080 | _a330.86(4)"1945/..." | ||
| 245 | 0 | 0 |
_aPerspectivas del socialismo hoy / _cManuel Monereo (Coord.) ; J. Albarracin... [et al.]. |
| 260 |
_aMadrid : _bFundación de Investigaciones Marxistas, _c1992. |
||
| 300 |
_a2 v. ; _c20 cm. |
||
| 490 | 1 |
_aPolítica ; _v1 |
|
| 650 | 1 | 4 |
_aSocialismo- _zEuropa _917158 |
| 700 | 1 |
_aMonereo, Manuel. _982169 |
|
| 700 | 1 |
_aAlbarracin, J. _919240 |
|
| 710 | 2 |
_aFundación de Investigaciones Marxistas. _94272 |
|
| 830 | 0 |
_aPolítica ; _v1 _9179560 |
|
| 852 |
_aES-MaACL _jL-20815-16 |
||
| 999 |
_c13492 _d13492 |
||